Aplicaciones en la Telefonía IP Utilizando el Software Libre Asterisk

Presenta un estudio de protocolos de voz sobre IP, en la actualidad los sistemas informáticos se basan en una red de datos, la cual debe ser capaz de soportar una amplia gama de aplicaciones. El IP ha sido utilizado para el intercambio de información entre los diferentes ordenadores, ha terminado...

Full description

Bibliographic Details
Main Author: Leira Martínez, Sergio Gabriel
Other Authors: Tutor: Dalla-Torre Parrales, Cedrick Elksnher
Format: Tesis Section = Libro
Language:Undetermined
Spanish
Published: Managua UNI 2011
Subjects:
LEADER 01134nam a2200253Ia 4500
008 240830s9999 xx 000 0 und d
040 |a BIBLIOTECA-RUSB/ T.Mon 005.3 L531 
041 |a spa 
082 |a T.Mon 005.3 L531 
100 1 |a Leira Martínez, Sergio Gabriel 
245 1 0 |a Aplicaciones en la Telefonía IP Utilizando el Software Libre Asterisk 
260 |a Managua  |b UNI  |c 2011 
300 |a 26 p. :il. 
502 |a Tesis (Ingeniero en Computación) - UNI, 2011. 
520 3 |a Presenta un estudio de protocolos de voz sobre IP, en la actualidad los sistemas informáticos se basan en una red de datos, la cual debe ser capaz de soportar una amplia gama de aplicaciones. El IP ha sido utilizado para el intercambio de información entre los diferentes ordenadores, ha terminado imponiéndose como el protocolo más usado. 
650 7 |a PROGRMAS PARA COMPUTADORAS DE ACCESO LIBRE 
650 7 |b  TELECOMUNICACIONES 
650 7 |c  INTERNET 
650 7 |d  APLICACIONES TELEFÓNICAS IP 
650 7 |e  SOFTWARE 
700 1 |a Tutor:  |b Dalla-Torre Parrales, Cedrick Elksnher 
942 |c BK  |2 ddc 
991 |a TESIS 
999 |c 21597